000 00643nam a22002057a 4500
003 OSt
005 20230427013603.0
008 230427b |||||||| |||| 00| 0 eng d
020 _a978-971-719-5124
040 _cDDC
082 _a500 M314s 2019
100 _aMarcelo, Marina M.
_qMarina M. Marcelo
245 _aScience in my life:
_bkindergarten 2/
_cMarina M. Marcelo
260 _aParang, Marikina City:
_bInstructional Coverage System Publishing,
_c2019.
300 _a266 pages :
_billustrations;
_c23cm.
504 _aIncludes bibliographical references.
521 _aKindergarten
_bLibrary fund
546 _aEnglish
942 _2ddc
_cBK
_n0
999 _c4
_d4